000 00855nam a2200217Ia 4500
001 17476
005 20260323162359.0
008 260306s9999||||xx |||||||||||||| ||und||
041 _aESP
082 _a658
_bL92 2012
100 _aLouffat, Enrique,
_eAUT
245 0 _aAdministración :
_bfundamentos del proceso administrativo
260 _c2012
300 _aviii, 350 páginas :
_c27 cm.
650 _aGEN
654 _aCAN
856 _uhttps://itmsp.museknowledge.com/UCSP?url=https://www.ebooks7-24.com:443/?il=2758&pg=1
_zVersión digital
856 _uhttps://0u213tr2d-y-https-ebooks7--24-com.itmsp.museknowledge.com/biblioteca.aspx
_zVéase además: Base de datos Ebook7-24
856 _uhttps://0u20ytr2z-y-https-www-bibliotechnia-com-mx.itmsp.museknowledge.com/
_zVéase además: Base de datos BiblioTechnia
942 _cLIB
_dJUS
_fJUS
_2ddc
999 _c17476
_d17476